[Event "V Festival Marche Estate A"]
[Site "Falconara Marittima ITA"]
[Date "2008.06.25"]
[Round "3"]
[White "Giampaoletti, Andrea"]
[Black "Van der Meer, Jeroen"]
[Result "1-0"]
[WhiteElo "1739"]
[BlackElo "2012"]
[PlyCount "79"]
[EventDate "2008.06.23"]

1. e4 d5 2. exd5 Qxd5 3. Nc3 Qd6 4. d4 c6 5. Nf3 Bg4 6. Bc4 e6 7. Be3 Nf6 8.
Qe2 Be7 9. h3 Bh5 10. a3 Nbd7 11. O-O Nb6 12. Bb3 Rg8 13. g4 Bg6 14. Ne5 Nbd7
15. f4 h6 16. Rad1 Nf8 17. f5 exf5 18. Bf4 Qd8 19. Qc4 Nd5 20. Nxd5 Qxd5 21.
Qc3 Qb5 22. a4 Qb6 23. Qc4 Qb4 24. gxf5 Qxc4 25. Bxc4 Bh5 26. Rd2 Nd7 27. Ng6
Bf6 28. Re1+ Kd8 29. Bxf7 Rf8 30. Nxf8 Bxf7 31. Ne6+ Bxe6 32. fxe6 Nb6 33. b3
Ke7 34. c4 Rd8 35. Re4 Nc8 36. Bc7 Rg8 37. d5 Nd6 38. Bxd6+ Kxd6 39. c5+ Kxc5
40. d6 1-0

[Event "V Festival Marche Estate A"]
[Site "Falconara Marittima ITA"]
[Date "2008.06.25"]
[Round "3"]
[White "Menichelli, Alessandro"]
[Black "Piaggesi, Franco"]
[Result "1-0"]
[WhiteElo "1919"]
[BlackElo "1550"]
[PlyCount "76"]
[EventDate "2008.06.23"]

1. e4 c5 2. c3 e5 3. d4 Bd6 4. dxe5 Bxe5 5. f4 Bc7 6. Bc4 Qe7 7. e5 d6 8. Nf3
dxe5 9. O-O Nc6 10. fxe5 h6 11. Bf4 Be6 12. Na3 a6 13. Qb3 b5 14. Bxe6 Qxe6 15.
Qxe6+ fxe6 16. Rad1 Nge7 17. Be3 c4 18. Nd4 Bb6 19. Nac2 Nxd4 20. Bxd4 Bxd4+
21. Nxd4 Nd5 22. Nxe6 Ke7 23. Nxg7 Ne3 24. Nf5+ Nxf5 25. Rxf5 Ke6 26. g4 Ra7
27. Rd6+ Ke7 28. Rff6 h5 29. Rc6 Kd8 30. g5 Re7 31. Rxa6 Rhe8 32. Ra8+ Kc7 33.
Rf7 Kd7 34. Ra7+ Ke6 35. Raxe7+ Rxe7 36. Rxe7+ Kxe7 37. b3 b4 38. Kf2 bxc3 1-0

[Event "V Festival Marche Estate A"]
[Site "Falconara Marittima ITA"]
[Date "2008.06.25"]
[Round "3"]
[White "Occhipinti, Giuseppe"]
[Black "Looijmans, Karel"]
[Result "0-1"]
[WhiteElo "1969"]
[BlackElo "2099"]
[PlyCount "58"]
[EventDate "2008.06.23"]

1. e4 c5 2. Nf3 e6 3. d4 cxd4 4. Nxd4 Nc6 5. Nc3 Qc7 6. Ndb5 Qb8 7. Be3 a6 8.
Bb6 axb5 9. Nxb5 Bb4+ 10. c3 Ba5 11. Nc7+ Qxc7 12. Bxc7 Bxc7 13. Bd3 Nf6 14.
O-O O-O 15. h3 Ra5 16. a4 Rd8 17. b4 Rh5 18. f4 e5 19. fxe5 Rxe5 20. a5 d5 21.
exd5 Rexd5 22. Bxh7+ Kxh7 23. Qb1+ Kg8 24. b5 Nxa5 25. b6 Be5 26. Qb4 Nc6 27.
Qc4 Be6 28. Rac1 Bg3 29. Qa4 Ra5 0-1

[Event "V Festival Marche Estate A"]
[Site "Falconara Marittima ITA"]
[Date "2008.06.26"]
[Round "4"]
[White "Coqueraut, Jean Dominique"]
[Black "Brancaleoni, Maurizio"]
[Result "0-1"]
[WhiteElo "1975"]
[BlackElo "2207"]
[PlyCount "42"]
[EventDate "2008.06.23"]

1. d4 Nf6 2. c4 g6 3. Nc3 Bg7 4. e4 O-O 5. e5 Ne8 6. Be3 d6 7. f4 c5 8. Nf3
cxd4 9. Bxd4 Nc6 10. Be2 Bg4 11. exd6 Bxf3 12. dxe7 Qxe7 13. Bxg7 Nxg7 14. gxf3
Qh4+ 15. Kf1 Nf5 16. Qd2 Ncd4 17. Rc1 Rfe8 18. Ne4 Rad8 19. Qc3 Rxe4 20. fxe4
Qxf4+ 21. Ke1 Qxe4 0-1

[Event "V Festival Marche Estate A"]
[Site "Falconara Marittima ITA"]
[Date "2008.06.26"]
[Round "4"]
[White "Frontini, Fabio"]
[Black "Carola, Paolo"]
[Result "1-0"]
[WhiteElo "1976"]
[BlackElo "1958"]
[PlyCount "97"]
[EventDate "2008.06.23"]

1. e4 e5 2. Nc3 Bc5 3. g3 Nf6 4. Bg2 d6 5. Na4 Bg4 6. f3 Be6 7. Nxc5 dxc5 8. d3
Nc6 9. f4 Bg4 10. Bf3 Bxf3 11. Nxf3 Qe7 12. h3 O-O-O 13. Qe2 c4 14. Be3 cxd3
15. cxd3 Qb4+ 16. Kf2 exf4 17. gxf4 Rhe8 18. Rac1 Qb5 19. Rc3 Qh5 20. Rc5 Qh6
21. Rg5 Rxe4 22. dxe4 Nxe4+ 23. Kg2 Nxg5 24. Nxg5 Qg6 25. Kf2 h6 26. Nf3 Qe4
27. Rd1 Re8 28. a3 Qe6 29. Ng1 Qe4 30. Qd3 Qe7 31. Qf5+ Kb8 32. Bc5 Qh4+ 33.
Kf3 Qf6 34. Qxf6 gxf6 35. Ne2 b6 36. Bf2 Kb7 37. Rd7 Na5 38. Rxf7 Nc4 39. Bd4
Nd2+ 40. Kf2 Ne4+ 41. Kf1 Nd2+ 42. Ke1 Nf3+ 43. Kf2 Nd2 44. Bxf6 Ne4+ 45. Ke1
Nc5 46. Bc3 Ne4 47. Be5 Kc6 48. Rxc7+ Kd5 49. Nc3+ 1-0

[Event "V Festival Marche Estate A"]
[Site "Falconara Marittima ITA"]
[Date "2008.06.26"]
[Round "4"]
[White "Paleologu, Vladimir"]
[Black "Aleksic, Nenad"]
[Result "1-0"]
[WhiteElo "2170"]
[BlackElo "2370"]
[PlyCount "69"]
[EventDate "2008.06.23"]

1. e4 c5 2. Nf3 d6 3. c3 Nf6 4. h3 Nbd7 5. Bd3 b6 6. O-O Bb7 7. Re1 e6 8. Bc2
Be7 9. d4 O-O 10. e5 Nd5 11. Qd3 g6 12. Bh6 Re8 13. a3 cxd4 14. cxd4 dxe5 15.
dxe5 Rc8 16. Nbd2 Qc7 17. Rac1 Red8 18. Qd4 b5 19. Qg4 Qb8 20. h4 Bf8 21. Bxf8
Nxf8 22. Ne4 Rc7 23. Bb3 Rxc1 24. Rxc1 Ne7 25. Nd6 Bxf3 26. Qxf3 Nf5 27. Nxf5
exf5 28. Qg3 Re8 29. f4 Qb6+ 30. Kh2 Ne6 31. Bxe6 Qxe6 32. h5 Kg7 33. Rc7 Rd8
34. h6+ Kg8 35. Qg5 1-0

[Event "V Festival Marche Estate A"]
[Site "Falconara Marittima ITA"]
[Date "2008.06.26"]
[Round "4"]
[White "Vidale, Onorio"]
[Black "Macellari, Giordano"]
[Result "1-0"]
[WhiteElo "1810"]
[BlackElo "1386"]
[PlyCount "101"]
[EventDate "2008.06.23"]

1. e4 c5 2. Nf3 d6 3. d4 cxd4 4. Nxd4 Nf6 5. Nc3 a6 6. Be2 e6 7. O-O Be7 8. Be3
O-O 9. a4 Nc6 10. Nb3 b6 11. f4 Bb7 12. Bf3 Qc7 13. Qe2 Rfd8 14. Qf2 Nd7 15. f5
Rf8 16. Qg3 Kh8 17. Rad1 Nce5 18. fxe6 Nxf3+ 19. Rxf3 fxe6 20. Qh3 Rxf3 21.
gxf3 Bc8 22. Qg3 Bb7 23. Nd4 Nf8 24. Rd2 Qd7 25. Nde2 b5 26. b3 Rc8 27. Bf4 e5
28. Bxe5 Ne6 29. Bxd6 Bxd6 30. Rxd6 Qe7 31. axb5 axb5 32. Qe5 Qg5+ 33. Qxg5
Nxg5 34. Kg2 b4 35. Rb6 bxc3 36. Rxb7 h6 37. Rd7 Ne6 38. Rd3 g5 39. Kf2 Nf4 40.
Nxf4 gxf4 41. Rd6 Kg7 42. Rd4 Ra8 43. Rc4 Rd8 44. Rxc3 Rd2+ 45. Kg1 Rd1+ 46.
Kg2 Kg6 47. b4 Kg5 48. Kh3 Rb1 49. Rb3 Re1 50. b5 Re3 51. b6 1-0

[Event "V Festival Marche Estate A"]
[Site "Falconara Marittima ITA"]
[Date "2008.06.27"]
[Round "5"]
[White "Giampaoletti, Andrea"]
[Black "Frontini, Fabio"]
[Result "1-0"]
[WhiteElo "1739"]
[BlackElo "1976"]
[PlyCount "81"]
[EventDate "2008.06.23"]

1. e4 c6 2. d4 d5 3. exd5 cxd5 4. c4 Nf6 5. Nc3 e6 6. Bg5 Be7 7. Nf3 O-O 8. c5
b6 9. b4 a5 10. a3 axb4 11. axb4 Bb7 12. Rxa8 Bxa8 13. Qa4 Bb7 14. Qa7 Ne4 15.
Nxe4 dxe4 16. Qxb7 Bxg5 17. Qxe4 bxc5 18. dxc5 Qf6 19. Nxg5 Qxg5 20. Bd3 Qc1+
21. Ke2 Qb2+ 22. Bc2 g6 23. Rb1 Qa2 24. Kf1 Rd8 25. Bb3 Qa3 26. Bxe6 Re8 27.
Bxf7+ Kxf7 28. Qd5+ Kf6 29. b5 Re5 30. Qd6+ Re6 31. Qf8+ Kg5 32. h4+ Kh5 33.
Rd1 Qb3 34. Qd8 Qxb5+ 35. Kg1 Re5 36. Qc7 Nc6 37. Qxh7+ Kg4 38. Qxg6+ Kf4 39.
Qg3+ Kf5 40. Qg5+ Ke4 41. f3# 1-0

[Event "V Festival Marche Estate A"]
[Site "Falconara Marittima ITA"]
[Date "2008.06.27"]
[Round "5"]
[White "Marvin, Elio"]
[Black "Van der Meer, Jeroen"]
[Result "0-1"]
[WhiteElo "1822"]
[BlackElo "2012"]
[PlyCount "72"]
[EventDate "2008.06.23"]

1. e4 d5 2. exd5 Qxd5 3. Nc3 Qd6 4. Nf3 Bg4 5. Be2 Nf6 6. O-O c6 7. d3 g6 8. h3
Bf5 9. Nd2 Bg7 10. Nc4 Qc7 11. Bf3 Be6 12. Ne3 O-O 13. Bd2 Nbd7 14. b3 Rac8 15.
Re1 Rfd8 16. g4 Nb6 17. Qe2 Rd7 18. Rad1 Rcd8 19. Nf1 Nbd5 20. Ne4 Nxe4 21.
dxe4 Nc3 22. Bxc3 Bxc3 23. Rxd7 Rxd7 24. Rd1 Rxd1 25. Qxd1 Qa5 26. Qd3 b5 27.
a4 bxa4 28. bxa4 c5 29. Qb5 Qxb5 30. axb5 Bc4 31. Ne3 Bxb5 32. Nd5 Bf6 33. Bg2
Kg7 34. Bf1 Bc6 35. Bc4 Bd4 36. Kf1 e6 0-1

[Event "V Festival Marche Estate A"]
[Site "Falconara Marittima ITA"]
[Date "2008.06.27"]
[Round "5"]
[White "Piaggesi, Franco"]
[Black "Ragnini, Damiano"]
[Result "1-0"]
[WhiteElo "1550"]
[BlackElo "1847"]
[PlyCount "87"]
[EventDate "2008.06.23"]

1. d4 d5 2. c4 e6 3. Nc3 Nf6 4. Bg5 Nbd7 5. e3 Be7 6. Nf3 O-O 7. cxd5 Nxd5 8.
Bxe7 Qxe7 9. Nxd5 exd5 10. Bd3 Qb4+ 11. Qd2 Qxd2+ 12. Nxd2 c5 13. b3 cxd4 14.
exd4 Re8+ 15. Kd1 Nf6 16. f3 Bd7 17. Re1 Nh5 18. g3 Rxe1+ 19. Kxe1 Re8+ 20. Kf2
Rc8 21. Re1 Be6 22. Nf1 g6 23. Ne3 Ng7 24. Ke2 b6 25. Kd2 a5 26. Rc1 Rxc1 27.
Kxc1 Kf8 28. Kd2 Ke7 29. Kc3 Kd6 30. b4 a4 31. Bb5 Bd7 32. Bxd7 Kxd7 33. Nxd5
Kc6 34. Ne3 b5 35. d5+ Kd6 36. Kd4 Ne8 37. Nd1 f5 38. Nc3 Nc7 39. g4 a3 40.
gxf5 gxf5 41. h3 h5 42. h4 f4 43. Ne4+ Kd7 44. Kc5 1-0

[Event "V Festival Marche Estate A"]
[Site "Falconara Marittima ITA"]
[Date "2008.06.27"]
[Round "5"]
[White "Ruytenberg, Ronald"]
[Black "Vidale, Onorio"]
[Result "1-0"]
[WhiteElo "2102"]
[BlackElo "1810"]
[PlyCount "61"]
[EventDate "2008.06.23"]

1. d4 Nf6 2. Nf3 g6 3. g3 Bg7 4. Bg2 d5 5. O-O O-O 6. c4 dxc4 7. Na3 Bg4 8. Ne5
Bc8 9. Naxc4 c6 10. b3 Bf5 11. f3 Na6 12. e4 Bc8 13. Be3 Nc7 14. Qc2 Nd7 15.
Rad1 e6 16. f4 Qe7 17. Bc1 Nxe5 18. dxe5 Rd8 19. Ba3 c5 20. Nd6 b6 21. Rf2 Ba6
22. Bf1 f6 23. exf6 Bxf6 24. e5 Bg7 25. Bg2 Rab8 26. Rfd2 Bf8 27. Bc6 Bc8 28.
Nxc8 Rbxc8 29. Rd7 Rxd7 30. Rxd7 Qe8 31. Rxc7 1-0

[Event "V Festival Marche Estate A"]
[Site "Falconara Marittima ITA"]
[Date "2008.06.28"]
[Round "6"]
[White "Lucchi, Lorenzo"]
[Black "Giampaoletti, Andrea"]
[Result "1-0"]
[WhiteElo "2056"]
[BlackElo "1739"]
[PlyCount "37"]
[EventDate "2008.06.23"]

1. e4 Nc6 2. c4 Nf6 3. Nc3 e5 4. Nf3 Bc5 5. Be2 d6 6. O-O O-O 7. a3 a5 8. d3
Bg4 9. Bg5 h6 10. Bh4 Kh7 11. Nd5 g5 12. Nxg5+ hxg5 13. Bxg5 Bxe2 14. Qxe2 Kg6
15. Bxf6 Qd7 16. Qf3 Rg8 17. Qg3+ Kh5 18. Qh4+ Kg6 19. Qg5+ 1-0

[Event "V Festival Marche Estate B"]
[Site "Falconara Marittima ITA"]
[Date "2008.06.21"]
[Round "1"]
[White "Alessandrini, Giacomo"]
[Black "Gromovs, Sergejs"]
[Result "0-1"]
[WhiteElo "1695"]
[BlackElo "2339"]
[PlyCount "62"]
[EventDate "2008.06.21"]

1. e4 c5 2. Nf3 d6 3. d4 cxd4 4. Nxd4 Nf6 5. Nc3 a6 6. Bc4 e6 7. Bb3 Nbd7 8.
O-O Nc5 9. Qe2 Qc7 10. f4 h5 11. f5 e5 12. Nf3 b5 13. Bg5 Qa7 14. Kh1 Be7 15.
Rad1 Nxb3 16. axb3 Bb7 17. Bxf6 gxf6 18. Nd5 Rc8 19. c3 h4 20. h3 Bxd5 21. Rxd5
Kd7 22. Qe1 Qb6 23. Nxh4 Bf8 24. Nf3 Bh6 25. Qa1 Rc6 26. Rfd1 Bf4 27. Qa3 Ke7
28. Nh2 a5 29. Ng4 Rh4 30. Rxd6 Rxd6 31. Nxf6 b4 0-1

[Event "V Festival Marche Estate B"]
[Site "Falconara Marittima ITA"]
[Date "2008.06.21"]
[Round "1"]
[White "Gasparroni, Riccardo"]
[Black "Ciarloni, Giuseppe"]
[Result "0-1"]
[WhiteElo "1711"]
[BlackElo "1422"]
[PlyCount "66"]
[EventDate "2008.06.21"]

1. e4 e5 2. Nf3 Nc6 3. Bb5 a6 4. Ba4 Bc5 5. O-O d6 6. d4 exd4 7. Nxd4 Bd7 8.
Nxc6 Bxc6 9. Bxc6+ bxc6 10. Qf3 Rb8 11. e5 Ne7 12. exd6 cxd6 13. Qg4 O-O 14.
Nc3 Rb4 15. Qf3 Qd7 16. Ne4 Ba7 17. c3 Rb7 18. Rd1 d5 19. Qg3 Qe6 20. Ng5 Qe2
21. Qf3 Bxf2+ 22. Kh1 Qxf3 23. Nxf3 Ng6 24. Nd4 Bxd4 25. Rxd4 Re8 26. h3 Rbe7
27. Bd2 Re2 28. Kg1 R8e4 29. Rxe4 dxe4 30. Rd1 e3 31. Bc1 h6 32. Rd8+ Kh7 33.
Kf1 Nf4 0-1

[Event "V Festival Marche Estate B"]
[Site "Falconara Marittima ITA"]
[Date "2008.06.21"]
[Round "1"]
[White "Ninka, Eniel"]
[Black "Catalano, Luigi"]
[Result "1-0"]
[WhiteElo "1410"]
[BlackElo "1709"]
[PlyCount "107"]
[EventDate "2008.06.21"]

1. e4 e6 2. Nf3 d6 3. d4 h6 4. Nc3 a6 5. Bd3 g5 6. Be3 Bg7 7. h3 Ne7 8. Ne2 Nd7
9. Ng3 O-O 10. Nh5 Bh8 11. Nh2 Nf6 12. e5 Nxh5 13. Qxh5 f5 14. exf6 Rxf6 15.
Ng4 Qf8 16. Nxf6+ Bxf6 17. O-O-O Nf5 18. Bxf5 exf5 19. h4 Qf7 20. hxg5 Qxh5 21.
Rxh5 hxg5 22. Bxg5 Bg7 23. c3 Kf7 24. Rdh1 Bd7 25. Bh6 Bf6 26. Be3 Rg8 27. g3
Ke6 28. Re1 Kd5 29. b3 c5 30. c4+ Kc6 31. d5+ Kc7 32. Reh1 Be5 33. Rh7 Rg7 34.
R7h5 b5 35. Kd2 Bc8 36. Rh6 bxc4 37. bxc4 Rg4 38. Kd3 a5 39. Rh7+ Kd8 40. Ra7
Bd7 41. Rxa5 Rg8 42. Ra8+ Bc8 43. a4 Kc7 44. Rb1 Rh8 45. Ra7+ Kd8 46. Rb8 Re8
47. Bg5+ Re7 48. Bxe7+ Ke8 49. Rxc8+ Kf7 50. Bxd6+ Kf6 51. Bxe5+ Kxe5 52. Rxc5
Kd6 53. Rc6+ Ke5 54. Re7# 1-0

[Event "V Festival Marche Estate B"]
[Site "Falconara Marittima ITA"]
[Date "2008.06.22"]
[Round "2"]
[White "Giuberchio, Cesare"]
[Black "Bonoli, Luciano"]
[Result "0-1"]
[WhiteElo "1986"]
[BlackElo "1795"]
[PlyCount "28"]
[EventDate "2008.06.21"]

1. e4 d6 2. d4 Nf6 3. Nc3 g6 4. f4 Bg7 5. Nf3 O-O 6. Bd3 c5 7. Be3 Ng4 8. Bg1
cxd4 9. Nxd4 e5 10. Nde2 exf4 11. h3 Qh4+ 12. Kf1 f3 13. gxf3 Ne5 14. Bf2 Bxh3+
0-1

[Event "V Festival Marche Estate B"]
[Site "Falconara Marittima ITA"]
[Date "2008.06.22"]
[Round "2"]
[White "Gromovs, Sergejs"]
[Black "Marinucci, Johnny"]
[Result "1-0"]
[WhiteElo "2339"]
[BlackElo "1745"]
[PlyCount "51"]
[EventDate "2008.06.21"]

1. d4 Nf6 2. Nf3 e6 3. c4 b6 4. a3 Bb7 5. Nc3 g6 6. d5 Bg7 7. e4 d6 8. Bg5 e5
9. Qd2 Nbd7 10. Bd3 O-O 11. O-O Qe7 12. b4 Rfc8 13. h3 Qf8 14. Na4 h6 15. Be3
a5 16. c5 bxc5 17. bxc5 Ba6 18. c6 Nb8 19. Rab1 Bxd3 20. Qxd3 h5 21. Rb7 Bh6
22. Ba7 Ne8 23. Rfb1 Ng7 24. Nc3 f5 25. Nh4 Qf6 26. g3 1-0

[Event "V Festival Marche Estate B"]
[Site "Falconara Marittima ITA"]
[Date "2008.06.22"]
[Round "3"]
[White "Casolino, Rosamaria"]
[Black "Recchi, Antonio"]
[Result "1-0"]
[WhiteElo "1855"]
[BlackElo "1805"]
[PlyCount "65"]
[EventDate "2008.06.21"]

1. e4 c5 2. Nc3 Nc6 3. g3 d6 4. Bg2 Nf6 5. d3 Bg4 6. f3 Bd7 7. Be3 a6 8. Nge2
Qc8 9. Nf4 e6 10. Qd2 b5 11. Nfe2 b4 12. Nd1 Be7 13. g4 O-O 14. g5 Ne8 15. h4
Qd8 16. h5 d5 17. f4 d4 18. Bf2 f6 19. g6 h6 20. f5 e5 21. Bg3 Nd6 22. Nf2 c4
23. Ng4 Bxf5 24. Nxh6+ Kh8 25. Nxf5 Nxf5 26. exf5 c3 27. bxc3 bxc3 28. Qc1 e4
29. Bxe4 Bd6 30. h6 Bxg3+ 31. Nxg3 Qc7 32. hxg7+ Kg8 33. Bd5+ 1-0

[Event "V Festival Marche Estate B"]
[Site "Falconara Marittima ITA"]
[Date "2008.06.22"]
[Round "3"]
[White "Marinucci, Johnny"]
[Black "Capito', Mario"]
[Result "1-0"]
[WhiteElo "1745"]
[BlackElo "1455"]
[PlyCount "77"]
[EventDate "2008.06.21"]

1. d4 d5 2. Bf4 Bf5 3. e3 e6 4. c4 Nf6 5. Qb3 dxc4 6. Bxc4 Be4 7. Nf3 Be7 8.
Nc3 Bc6 9. O-O-O Nbd7 10. Ne5 O-O 11. Nxd7 Qxd7 12. d5 exd5 13. Bxd5 Bxd5 14.
Nxd5 Qc6+ 15. Kb1 Nxd5 16. Rxd5 Qg6+ 17. Qc2 Qxg2 18. Rhd1 Qg6 19. Qxg6 hxg6
20. Rd7 Rfd8 21. Bxc7 Rxd7 22. Rxd7 Bh4 23. Bg3 Bxg3 24. hxg3 b5 25. Kc2 Rc8+
26. Kb3 a5 27. Rd5 a4+ 28. Ka3 Rc2 29. Rxb5 Rxf2 30. Kxa4 Rf3 31. Kb4 Rxe3 32.
a4 Rxg3 33. a5 Rg4+ 34. Ka3 f5 35. a6 Rg1 36. Ka2 Rg4 37. Ra5 Re4 38. a7 Re8
39. Rb5 1-0

[Event "V Festival Marche Estate B"]
[Site "Falconara Marittima ITA"]
[Date "2008.06.28"]
[Round "4"]
[White "Faini, Ivano"]
[Black "Giuberchio, Cesare"]
[Result "0-1"]
[WhiteElo "1719"]
[BlackElo "1986"]
[PlyCount "98"]
[EventDate "2008.06.21"]

1. c4 e5 2. Nc3 Nc6 3. g3 f5 4. Bg2 Nf6 5. d3 Bb4 6. Qc2 O-O 7. Bg5 h6 8. Bxf6
Qxf6 9. a3 Nd4 10. Qd1 Bxc3+ 11. bxc3 Ne6 12. Qd2 Rb8 13. Nh3 g5 14. f3 d6 15.
O-O f4 16. g4 h5 17. Nf2 c6 18. h3 Nc7 19. Rab1 Be6 20. a4 d5 21. c5 Na6 22. d4
Bf7 23. Rb3 Nc7 24. Qb2 exd4 25. cxd4 Ne6 26. Rd1 Bg6 27. Rd2 Rf7 28. Qc3 Re8
29. a5 Rfe7 30. Kf1 Nc7 31. Nd1 Nb5 32. Qb2 a6 33. Rb4 hxg4 34. fxg4 Be4 35.
Bxe4 Rxe4 36. Nf2 Re3 37. Rb3 R3e7 38. Rxb5 axb5 39. Qa2 f3 40. a6 fxe2+ 41.
Rxe2 Rxe2 42. Qxe2 Rxe2 43. Kxe2 bxa6 44. h4 Qxf2+ 45. Kxf2 gxh4 46. Kg2 b4 47.
g5 b3 48. Kh3 b2 49. Kxh4 b1=Q 0-1

[Event "V Festival Marche Estate B"]
[Site "Falconara Marittima ITA"]
[Date "2008.06.28"]
[Round "4"]
[White "Faini, Marco"]
[Black "Bonoli, Luciano"]
[Result "1-0"]
[WhiteElo "1871"]
[BlackElo "1795"]
[PlyCount "77"]
[EventDate "2008.06.21"]

1. c4 Nf6 2. g3 g6 3. Bg2 Bg7 4. Nc3 c6 5. e4 d6 6. Nge2 Nbd7 7. d3 O-O 8. h3
Ne5 9. f4 Ned7 10. Be3 e5 11. O-O exf4 12. Nxf4 Ne5 13. Qd2 Be6 14. b3 Qc8 15.
Nxe6 Qxe6 16. d4 Ned7 17. Rad1 Nb6 18. d5 cxd5 19. exd5 Qd7 20. Bh6 Nh5 21.
Bxg7 Nxg7 22. Rf6 Nh5 23. Ne4 Qe7 24. Qd4 Rae8 25. Bf3 Qe5 26. Rxd6 f5 27. Qxe5
Rxe5 28. Bxh5 Rxe4 29. Bf3 Re3 30. Kf2 Rc3 31. Re6 Rd8 32. d6 Nd7 33. Bd5 Kf8
34. b4 b6 35. Re7 Rc2+ 36. Kf3 Rc3+ 37. Kf4 g5+ 38. Kxf5 Ne5 39. Kxg5 1-0

[Event "V Festival Marche Estate B"]
[Site "Falconara Marittima ITA"]
[Date "2008.06.28"]
[Round "4"]
[White "Recchi, Antonio"]
[Black "Marinucci, Johnny"]
[Result "1-0"]
[WhiteElo "1805"]
[BlackElo "1745"]
[PlyCount "35"]
[EventDate "2008.06.21"]

1. Nf3 Nf6 2. c4 b6 3. Nc3 Bb7 4. Qc2 e6 5. a3 Be7 6. e4 d6 7. d4 Nbd7 8. b4
O-O 9. Be2 Rc8 10. O-O c5 11. bxc5 bxc5 12. d5 e5 13. Ne1 Ne8 14. f4 f6 15. Bg4
Nc7 16. Qe2 Rb8 17. Bf5 exf4 18. Qh5 1-0

[Event "V Festival Marche Estate B"]
[Site "Falconara Marittima ITA"]
[Date "2008.06.28"]
[Round "4"]
[White "Spilli, Andrea"]
[Black "Gresta, Stefano"]
[Result "0-1"]
[WhiteElo "1485"]
[BlackElo "1886"]
[PlyCount "64"]
[EventDate "2008.06.21"]

1. e4 e6 2. d4 d5 3. Nc3 dxe4 4. Nxe4 Bd7 5. Nf3 Bc6 6. Bd3 Nd7 7. Bf4 Ngf6 8.
Qe2 Nxe4 9. Bxe4 Bxe4 10. Qxe4 c6 11. Be5 Qa5+ 12. c3 Qb5 13. Qe2 Nxe5 14. Nxe5
Qxe2+ 15. Kxe2 f6 16. Nd3 Rd8 17. Rhe1 Bd6 18. Rad1 Kf7 19. f4 Rhe8 20. Kf3 Re7
21. Re4 a5 22. a4 b5 23. axb5 cxb5 24. Rde1 a4 25. g4 g6 26. h3 Rc8 27. g5 a3
28. gxf6 Kxf6 29. R4e3 axb2 30. Nxb2 Kf5 31. Rb1 Bxf4 32. Re4 Rxc3+ 0-1

[Event "I Open Oro Caffe'"]
[Site "Udine ITA"]
[Date "2008.07.05"]
[Round "1"]
[White "Bisaro, Andrea"]
[Black "Tonon, Alessandro"]
[Result "0-1"]
[WhiteElo "1614"]
[BlackElo "2227"]
[PlyCount "39"]
[EventDate "2008.07.05"]

1. d4 Nf6 2. c4 e6 3. Nc3 Bb4 4. Qc2 c5 5. Nf3 cxd4 6. Nxd4 Nc6 7. Nb3 d5 8.
cxd5 exd5 9. Bd2 d4 10. Nb1 O-O 11. Bxb4 Nxb4 12. Qc5 a5 13. Na3 d3 14. Rd1 Ne4
15. Qc4 Re8 16. Nd2 b5 17. Qc1 dxe2 18. Bxe2 Nd3+ 19. Bxd3 Qxd3 20. f3 0-1

[Event "I Open Oro Caffe'"]
[Site "Udine ITA"]
[Date "2008.07.05"]
[Round "1"]
[White "Bortolosso, Mario"]
[Black "Punteri, Marco"]
[Result "0-1"]
[WhiteElo "1530"]
[BlackElo "2011"]
[PlyCount "62"]
[EventDate "2008.07.05"]

1. e4 c5 2. Nf3 Nc6 3. d4 cxd4 4. Nxd4 Nf6 5. Nxc6 bxc6 6. Bd3 g6 7. Be3 Bg7 8.
Nc3 d5 9. Ne2 O-O 10. Ng3 Ng4 11. c3 Nxe3 12. fxe3 Qb6 13. Qe2 Bh6 14. exd5
cxd5 15. e4 dxe4 16. Bxe4 Ba6 17. Bd3 Bxd3 18. Qxd3 Rfd8 19. Qf3 Bd2+ 20. Kf1
Qxb2 21. Rd1 Bxc3 22. Ne4 Rxd1+ 23. Qxd1 Bd4 24. Qb3 Qc1+ 25. Ke2 Qxh1 26. Ng5
Qxg2+ 27. Kd3 Qxg5 28. Kxd4 Rd8+ 29. Ke4 Qf5+ 30. Ke3 Qh3+ 31. Ke4 Qxb3 0-1

[Event "I Open Oro Caffe'"]
[Site "Udine ITA"]
[Date "2008.07.05"]
[Round "1"]
[White "Bortolosso, Paolo"]
[Black "Petrosino, Germano"]
[Result "1/2-1/2"]
[WhiteElo "1464"]
[BlackElo "1832"]
[PlyCount "135"]
[EventDate "2008.07.05"]

1. e4 e5 2. Nf3 Nc6 3. Bb5 a6 4. Ba4 Nf6 5. Nc3 Bc5 6. O-O b5 7. Bb3 d6 8. h3
O-O 9. d3 Na5 10. Bg5 Nxb3 11. cxb3 Be6 12. Rc1 h6 13. Be3 Bxe3 14. fxe3 c5 15.
Qe2 Qb6 16. Rfd1 b4 17. Na4 Qb7 18. Nd2 Nh7 19. Nf3 f5 20. exf5 Bxf5 21. d4
exd4 22. exd4 Rae8 23. Qd2 Bxh3 24. dxc5 Bxg2 25. Nh4 Bf3 26. Nxf3 Qxf3 27.
cxd6 Qg3+ 28. Qg2 Qe3+ 29. Kh1 Re4 30. Rc4 Rxc4 31. bxc4 Rf3 32. Qg4 Rg3 33.
Qf5 Rh3+ 34. Kg2 Qg3+ 35. Kf1 Rh1+ 36. Ke2 Qg2+ 37. Ke3 Rh3+ 38. Kd4 Rh4+ 39.
Kc5 Qe2 40. Rd5 Rxc4+ 41. Kb6 Qe3+ 42. Rc5 b3 43. Ka5 Rxc5+ 44. Nxc5 Qd2+ 45.
Ka4 Qxd6 46. Kxb3 Nf6 47. Qe6+ Qxe6+ 48. Nxe6 Nd5 49. Kc4 Nb6+ 50. Kb4 Kf7 51.
Nc5 g5 52. a4 g4 53. Nd3 Kf6 54. Ka5 g3 55. Nf4 Nc4+ 56. Kxa6 Nxb2 57. Nh5+ Kg5
58. Nxg3 Nxa4 59. Kb5 Nc3+ 60. Kc4 Nd1 61. Kd3 Kg4 62. Nf1 h5 63. Ke2 Nc3+ 64.
Kf2 Nd5 65. Kg2 Nf4+ 66. Kf2 h4 67. Nh2+ Kh3 68. Nf3 1/2-1/2

[Event "I Open Oro Caffe'"]
[Site "Udine ITA"]
[Date "2008.07.05"]
[Round "1"]
[White "Canciani, Sardo"]
[Black "Castellano, Alfonso"]
[Result "0-1"]
[WhiteElo "1529"]
[BlackElo "1926"]
[PlyCount "54"]
[EventDate "2008.07.05"]

1. c4 e5 2. Nc3 Nf6 3. Nf3 Nc6 4. g3 d5 5. cxd5 Nxd5 6. Bg2 Be6 7. O-O Be7 8.
a3 a5 9. d3 O-O 10. Bd2 f5 11. Qc2 Nb6 12. Rfc1 a4 13. Na2 Bb3 14. Qb1 Rb8 15.
Rxc6 bxc6 16. Nxe5 Bd5 17. Nxc6 Bxc6 18. Bxc6 Nc4 19. Bc3 Nxa3 20. Qc1 Nb5 21.
Be5 Kh8 22. Nc3 Nd4 23. Bf4 Bf6 24. Rxa4 Nxc6 25. Rc4 Qd7 26. Na4 Na5 27. Rxc7
Qxa4 0-1

[Event "I Open Oro Caffe'"]
[Site "Udine ITA"]
[Date "2008.07.05"]
[Round "1"]
[White "Capizzi, Biagio"]
[Black "Prelec, Fausto"]
[Result "1-0"]
[WhiteElo "1820"]
[BlackElo "1452"]
[PlyCount "65"]
[EventDate "2008.07.05"]

1. d4 Nf6 2. c4 e6 3. Nc3 c6 4. Bg5 d5 5. Nf3 Be7 6. e3 Nbd7 7. cxd5 exd5 8.
Bd3 h6 9. Bh4 O-O 10. Rc1 Re8 11. Bg3 Bb4 12. a3 Ba5 13. b4 Bc7 14. Bh4 Nf8 15.
Bxf6 Qxf6 16. Nxd5 cxd5 17. Rxc7 Bg4 18. Be2 Ne6 19. Rxb7 Rac8 20. O-O Rc3 21.
Rxa7 Rec8 22. Ne5 Rc1 23. Nxg4 Qg5 24. Qd2 R1c2 25. Qd1 Rc1 26. Qxc1 Rxc1 27.
Rxc1 Nxd4 28. Rc8+ Kh7 29. exd4 Qd2 30. Bf1 Qxd4 31. Rxf7 Kg6 32. Rcc7 Qa1 33.
Rxg7+ 1-0

[Event "I Open Oro Caffe'"]
[Site "Udine ITA"]
[Date "2008.07.05"]
[Round "1"]
[White "Cisilino, Oscar"]
[Black "Fermo, Ruggero"]
[Result "0-1"]
[WhiteElo "1727"]
[BlackElo "1765"]
[PlyCount "91"]
[EventDate "2008.07.05"]

1. c4 c5 2. Nc3 g6 3. Nf3 Nf6 4. g3 Bg7 5. Bg2 O-O 6. O-O Nc6 7. Rb1 d6 8. a3
e5 9. d3 h6 10. Bd2 Rb8 11. b4 Nd4 12. Re1 Bg4 13. e3 Nxf3+ 14. Bxf3 Bh3 15. e4
b6 16. Bh1 g5 17. b5 Qc8 18. f3 g4 19. f4 exf4 20. Bxf4 Qd7 21. Qd2 h5 22. Bh6
Nh7 23. Bxg7 Kxg7 24. Nd5 Qe6 25. Nf4 Qe5 26. Qb2 Rbe8 27. Nxh5+ Kh6 28. Nf4
Ng5 29. Kf2 Ne6 30. Qc1 Kh7 31. Nd5 f5 32. exf5 Rxf5+ 33. Nf4 Qd4+ 34. Qe3
Qxe3+ 35. Rxe3 Re5 36. Be4+ Kh6 37. Nxe6 R8xe6 38. Rbe1 Kg5 39. Bd5 Rf5+ 40.
Ke2 Rxe3+ 41. Kxe3 Re5+ 42. Kd2 Kf6 43. Be4 Kg5 44. Re2 Bf1 45. Rf2 Rxe4 46.
dxe4 0-1